000 00417nam a2200181Ia 4500
005 20240823014402.0
008 240823s9999||||xx |||||||||||||| ||und||
041 _aENGLISH
082 _A671.2 P5
100 _aKhanna O P
245 2 _aA Text Book of Foundry Technology
250 _a1st
260 _c2005
_b"Dhanpat Rai,"
500 _aYES
650 _aFoundry
_bMechanical
942 _cBK
999 _c169928
_d169928